LIBRARY ONLINE CATALOGUE

Current directions in ecomusicology (Record no. 16157)

MARC details
000 -LEADER
fixed length control field 00498nam a22001457a 4500
008 - FIXED-LENGTH DATA ELEMENTS--GENERAL INFORMATION
fixed length control field 161006b xxu||||| |||| 00| 0 eng d
020 ## - INTERNATIONAL STANDARD BOOK NUMBER
International Standard Book Number 1138804586
040 ## - CATALOGING SOURCE
Original cataloging agency KABU
Transcribing agency KABU
050 ## - LIBRARY OF CONGRESS CALL NUMBER
Classification number ML3799.3
Item number .C87 2015 C.1
245 ## - TITLE STATEMENT
Title Current directions in ecomusicology
Remainder of title Music, culture and nature
Statement of responsibility, etc. edited by Aaron S. Allen and Kevin Dawe
260 ## - PUBLICATION, DISTRIBUTION, ETC. (IMPRINT)
Place of publication, distribution, etc. New York
Name of publisher, distributor, etc. Routledge
Date of publication, distribution, etc. 2015
300 ## - PHYSICAL DESCRIPTION
Extent vii, 314 p.
650 ## - SUBJECT ADDED ENTRY--TOPICAL TERM
Source of heading or term Ecomusicology
942 ## - ADDED ENTRY ELEMENTS (KOHA)
Source of classification or shelving scheme Library of Congress Classification
Koha item type General Collection
Classification part ML3799.3 .C87 2015 C.1
Holdings
Withdrawn status Lost status Source of classification or shelving scheme Not for loan Home library Current library Shelving location Date acquired Cost, normal purchase price Total Checkouts Full call number Barcode Date last seen Copy number Price effective from Koha item type
    Library of Congress Classification   Kabarak, Main Campus Kabarak, Main Campus General Stacks 06/10/2016 14051.00   ML3799.3 .C87 2015 C.1 026950 06/10/2016 C.1 06/10/2016 General Collection